000 00948nam a2200313 a 4500
001 000003277
003 DO-SdBNP
005 20240123083546.0
007 000003277
008 090707s2003 sp 000 0 spa d
020 _a849764316X
040 _aBPMSU
_bspa
_cBPMSU
082 4 _a306.8745
_bG643a 2003
_222
092 _a
100 1 _a González, Ramírez, Mariano
245 1 4 _aLos abuelos :
_b su importancia en la familia /
_cMariano González Ramírez ; prólogo Leo Buscalia
260 _aBarcelona :
_bEdimar Libros,
_c2003
300 _a189 p. ;
_c23 cm.
490 0 _aGuía de padres
500 _aIncluye datos biográficos del autor
590 _aInventariado, 2024/VM
650 4 _aFamilia
650 4 _aAbuelos, nietos
650 4 _aEducación para la vida familiar
650 4 _aEducación en el hogar
700 1 _aBuscalia, Leo
_eprólogo
910 _aVmateo V. Control de calidad. BPMSU
942 _2ddc
_cBK
999 _c14537
_d14537